<?xml version="1.0" encoding="UTF-8"?>
<collection xmlns="http://www.loc.gov/MARC21/slim">
 <record>
  <leader>01870cam a2200397  c4500</leader>
  <controlfield tag="001">1074302362</controlfield>
  <controlfield tag="003">DE-627</controlfield>
  <controlfield tag="005">20240328190131.0</controlfield>
  <controlfield tag="007">tu</controlfield>
  <controlfield tag="008">850101s1977    xx |||||      00| ||fre c</controlfield>
  <datafield tag="035" ind1=" " ind2=" ">
   <subfield code="a">(DE-627)1074302362</subfield>
  </datafield>
  <datafield tag="035" ind1=" " ind2=" ">
   <subfield code="a">(DE-576)004302362</subfield>
  </datafield>
  <datafield tag="035" ind1=" " ind2=" ">
   <subfield code="a">(DE-599)BSZ004302362</subfield>
  </datafield>
  <datafield tag="035" ind1=" " ind2=" ">
   <subfield code="a">(OCoLC)310557094</subfield>
  </datafield>
  <datafield tag="040" ind1=" " ind2=" ">
   <subfield code="a">DE-627</subfield>
   <subfield code="b">ger</subfield>
   <subfield code="c">DE-627</subfield>
   <subfield code="e">rakwb</subfield>
  </datafield>
  <datafield tag="041" ind1=" " ind2=" ">
   <subfield code="a">fre</subfield>
  </datafield>
  <datafield tag="084" ind1=" " ind2=" ">
   <subfield code="a">9,10</subfield>
   <subfield code="2">ssgn</subfield>
  </datafield>
  <datafield tag="084" ind1=" " ind2=" ">
   <subfield code="a">LO 48100</subfield>
   <subfield code="q">DE-24/20sred</subfield>
   <subfield code="2">rvk</subfield>
   <subfield code="0">(DE-625)rvk/103534:</subfield>
  </datafield>
  <datafield tag="100" ind1="1" ind2=" ">
   <subfield code="a">Fontaine, Jacques</subfield>
   <subfield code="d">1922-2015</subfield>
   <subfield code="0">(DE-588)119144654</subfield>
   <subfield code="0">(DE-627)079940242</subfield>
   <subfield code="0">(DE-576)211375799</subfield>
   <subfield code="4">aut</subfield>
  </datafield>
  <datafield tag="245" ind1="1" ind2="3">
   <subfield code="a">L' art préroman hispanique</subfield>
   <subfield code="n">2</subfield>
   <subfield code="c">Jacques Fontaine</subfield>
  </datafield>
  <datafield tag="246" ind1="3" ind2="0">
   <subfield code="a">art mozarabe</subfield>
  </datafield>
  <datafield tag="264" ind1=" " ind2="1">
   <subfield code="a">La @Pierre-Qui-Vire (Yonne)</subfield>
   <subfield code="b">Zodiaque</subfield>
   <subfield code="c">1977</subfield>
  </datafield>
  <datafield tag="300" ind1=" " ind2=" ">
   <subfield code="a">424 S.</subfield>
   <subfield code="b">Ill.</subfield>
  </datafield>
  <datafield tag="336" ind1=" " ind2=" ">
   <subfield code="a">Text</subfield>
   <subfield code="b">txt</subfield>
   <subfield code="2">rdacontent</subfield>
  </datafield>
  <datafield tag="337" ind1=" " ind2=" ">
   <subfield code="a">ohne Hilfsmittel zu benutzen</subfield>
   <subfield code="b">n</subfield>
   <subfield code="2">rdamedia</subfield>
  </datafield>
  <datafield tag="338" ind1=" " ind2=" ">
   <subfield code="a">Band</subfield>
   <subfield code="b">nc</subfield>
   <subfield code="2">rdacarrier</subfield>
  </datafield>
  <datafield tag="490" ind1="1" ind2=" ">
   <subfield code="a">La nuit des temps</subfield>
   <subfield code="v">47</subfield>
  </datafield>
  <datafield tag="583" ind1="1" ind2=" ">
   <subfield code="a">Archivierung/Langzeitarchivierung gewährleistet</subfield>
   <subfield code="f">SSG</subfield>
   <subfield code="x">XA-DE-BW</subfield>
   <subfield code="2">pdager</subfield>
   <subfield code="5">DE-16</subfield>
  </datafield>
  <datafield tag="773" ind1="1" ind2="8">
   <subfield code="w">(DE-627)1074302346</subfield>
   <subfield code="w">(DE-576)004302346</subfield>
   <subfield code="g">2</subfield>
   <subfield code="q">2</subfield>
   <subfield code="7">nnnm</subfield>
  </datafield>
  <datafield tag="787" ind1="0" ind2="8">
   <subfield code="i">Rezensiert in</subfield>
   <subfield code="a">Barral i Altet, Xavier, 1947 - </subfield>
   <subfield code="t">[Rezension von: Jacques Fontaine, L'art préroman hispanique, Band 2, L'art mozarabe]</subfield>
   <subfield code="d">München : Artemis Verlag, 1980</subfield>
   <subfield code="w">(DE-627)1580144780</subfield>
   <subfield code="w">(DE-576)510144780</subfield>
  </datafield>
  <datafield tag="830" ind1=" " ind2="3">
   <subfield code="a">La nuit des temps</subfield>
   <subfield code="v">47</subfield>
   <subfield code="9">47</subfield>
   <subfield code="w">(DE-627)167117661</subfield>
   <subfield code="w">(DE-576)01554060X</subfield>
   <subfield code="w">(DE-600)412356-6</subfield>
   <subfield code="x">0768-0937</subfield>
   <subfield code="7">ns</subfield>
  </datafield>
  <datafield tag="889" ind1=" " ind2=" ">
   <subfield code="w">(DE-576)48430500X</subfield>
  </datafield>
  <datafield tag="936" ind1="r" ind2="v">
   <subfield code="a">LO 48100</subfield>
   <subfield code="b">vorromanisch, maurisch</subfield>
   <subfield code="k">Kunstgeschichte</subfield>
   <subfield code="k">Kunst nach Ländern bzw. Kontinenten</subfield>
   <subfield code="k">Spanien, Portugal</subfield>
   <subfield code="k">Kunstgeschichte Spaniens und Portugals nach Gattungen</subfield>
   <subfield code="k">Architektur</subfield>
   <subfield code="k">Architekturgeschichte einzelner Epochen</subfield>
   <subfield code="k">vorromanisch, maurisch</subfield>
   <subfield code="0">(DE-627)1270650874</subfield>
   <subfield code="0">(DE-625)rvk/103534:</subfield>
   <subfield code="0">(DE-576)200650874</subfield>
  </datafield>
  <datafield tag="951" ind1=" " ind2=" ">
   <subfield code="a">MV</subfield>
  </datafield>
  <datafield tag="991" ind1=" " ind2=" ">
   <subfield code="a">Rezensiertes Werk</subfield>
  </datafield>
  <datafield tag="999" ind1=" " ind2=" ">
   <subfield code="a">KXP-PPN1074302362</subfield>
   <subfield code="e">4485839265</subfield>
  </datafield>
 </record>
</collection>
